Tarcica konstrukcyjna iglasta sortowana metodami wytrzymałościowymi. (Rekord nr 73171)
| 000 -ETYKIETA REKORDU | |
|---|---|
| podpole kontrolne o stałej długości | 01443cam a2200289 i 4500 |
| 001 - NUMER KONTROLNY REKORDU | |
| podpole kontrolne | normy |
| 003 - IDENTYFIKATOR NUMERU KONTROLNEGO REKORDU | |
| podpole kontrolne | BPK |
| 005 - DATA OSTATNIEJ MODYFIKACJI REKORDU | |
| podpole kontrolne | 20141021090813.0 |
| 008 - POLE O STAŁEJ DŁUGOŚCI - DANE KONTROLNE | |
| podpole kontrolne o stałej długości | 121231s2013 pl a f u |000 0 pol d |
| 020 ## - MIĘDZYNARODOWY ZNORMALIZOWANY NUMER KSIĄŻKI - ISBN | |
| ISBN | 978-83-275-1895-8 |
| 040 ## - ŹRÓDŁO KATALOGOWANIA | |
| Instytucja, która utworzyła rekord | BPK |
| 041 ## - KOD JĘZYKA | |
| Kod języka tekstu | pol |
| 084 ## - NUMER INNEJ KLASYFIKACJI | |
| Numer klasyfikacji | ICS 79.040 |
| 245 00 - TYTUŁ/ODPOWIEDZIALNOŚĆ | |
| Tytuł | Tarcica konstrukcyjna iglasta sortowana metodami wytrzymałościowymi. |
| 246 ## - WARIANT TYTUŁU | |
| Tytuł | PN-D-94021:2013-10 |
| 250 ## - STREFA WYDANIA | |
| Oznaczenie wydania | Zatwierdzono: 2013.10.28 |
| 260 ## - STREFA ADRESU WYDAWNICZEGO | |
| Miejsce wydania | Warszawa : |
| Nazwa wydawcy/dystrybutora | Polski Komitet Normalizacyjny, |
| Data publikacji, dystrybucji/powstania dokumentu | 2013. |
| 500 ## - UWAGI OGÓLNE | |
| Tekst uwagi | Zastępuje : PN-D-94021:1982. |
| 520 ## - UWAGA DOTYCZĄCA TREŚCI DOKUMENTU | |
| Analiza dokumentacyjna, adnotacja itp. | Dotyczy tarcicy konstrukcyjnej iglastej obrzynanej, szorstkiej lub struganej, wyprodukowanej z drewna sosny zwyczajnej (Pinus sylvestris L.), świerka pospolitego (Picea abies (L.) Karst.), modrzewia europejskiego (Larix decidua Mill.), jodły pospolitej (Abies alba Mill.) lub daglezji zielonej (Pseudotsuga menziesii (Mirb.) Franco), z przeznaczeniem na nośne konstrukcje drewniane. Podano klasyfikację tarcicy konstrukcyjnej, wymagania dotyczące wilgotności, wymiarów, jakości i oznakowania. Określono badania wilgotności, wymiarów, miąższości, cech strukturalnych i geometrycznych. |
| 653 ## - TERMIN INDEKSOWY - FORMA NIEKONTROLOWANA | |
| Termin indeksowy | drewno |
| 653 ## - TERMIN INDEKSOWY - FORMA NIEKONTROLOWANA | |
| Termin indeksowy | tarcica |
| 653 ## - TERMIN INDEKSOWY - FORMA NIEKONTROLOWANA | |
| Termin indeksowy | tarcica iglasta |
| 710 2# - HASŁO DODATKOWE - NAZWA CIAŁA ZBIOROWEGO | |
| Nazwa ciała zbiorowego lub jednostki geograficznej | KT nr 215 ds. Projektowania i Wykonawstwa Konstrukcji z Drewna i z Materiałów Drewnopochodnych |
| 780 ## - TYTUŁ POPRZEDNI | |
| Tytuł | PN-D-94021:1982 |
| 856 ## - LOKALIZACJA I DOSTĘP DO ELEKTRONICZNYCH DOKUMENTÓW ZDALNYCH | |
| Link (URL) | http://koha.tu.koszalin.pl/cgi-bin/koha/opac-detail.pl?biblionumber=73171 |
| Tekst linku | Katalog online BPK |
| 942 ## - DODATKOWE ELEMENTY (KOHA) | |
| Typ dokumentu | Norma |
| 998 ## - DANE OPRACOWANIA | |
| Inicjały katalogującego | eg |
| Data | 2008.07.21 |
| Wycofany | Status | Uszkodzony | Dostępność | Lokalizacja stała | Lokalizacja bieżąca | Miejsce przechowywania | Data nabycia | Źródło nabycia | Cena | Numer inwentarza | Sygnatura | Kod kreskowy | Koszt zastąpienia | Cena obowiązuje od | Typ dokumentu |
|---|---|---|---|---|---|---|---|---|---|---|---|---|---|---|---|
| Tylko na miejscu | Biblioteka Politechniki Koszalińskiej | Biblioteka Politechniki Koszalińskiej | Czytelnia BG | 20.11.2013 | KS/049/13 | 92.30 | PN 286 | PN-D-94021 | 02551418 | 92.30 | 11.02.2023 | Norma |
